Paroles Emperor - Tip Stevens - Statistiques

Statistiques générales
  • Ce quiz a été pris 56 fois
  • Le résultat moyen est 157 sur 198
Statistiques - réponses
Lyrics % Correct
I
97%
it
97%
the
97%
And
94%
and
94%
get
94%
power
94%
when
94%
you
94%
You
94%
Come
92%
Emperor
92%
emperor
92%
my
92%
on
92%
to
92%
To
92%
want
92%
know
89%
(No)
89%
so
89%
throne,
89%
throne
89%
crown
86%
do
86%
party
86%
for
83%
he
83%
me
83%
soul
83%
speak
83%
try
83%
Why
83%
in
81%
kill
81%
low
81%
ruin
81%
with
81%
your
81%
Dance
78%
don't
78%
Don't
78%
Maybe
78%
maybe
78%
never
78%
not
78%
of
78%
supposed
78%
would
78%
back
75%
forget
75%
hear
75%
hide
75%
live
75%
Mask
75%
should
75%
Am
72%
Long
72%
even
69%
from
69%
dust
67%
it's
67%
lies
67%
off
67%
stab
67%
away
64%
every
64%
he'll
64%
I'm
64%
just
64%
now
64%
Remove
64%
That
64%
trying
64%
disguises
61%
knives
61%
lives
61%
Put
61%
raised
61%
(yeah)
61%
you're
61%
beg
58%
crush
58%
name
58%
pride
58%
thought
58%
time
58%
ashes
56%
I'll
56%
full
50%
turn
50%
pretend,
47%
traitors
47%
little
44%
loves
44%
wings
39%
heard
36%
plots
33%
I've
31%
before
28%
Kneel
28%
spread
28%
You've
25%
let
22%
serve
19%
grown
17%
Aucun quiz correspondant
Distribution des résultats
% des personnes avec chaque résultat
Percentile par nombre de réponses
Votre historique - résultats
Vous n’avez pas pris ce quiz